[Event "Mechanics' Spring TNM; 30/90, SD/30"]
[Site "San Francisco"]
[Date "2014.04.01"]
[Round "3.9"]
[White "Vazquez, Erasmo"]
[Black "Grey, Peter"]
[Result "0-1"]
[WhiteElo "1683"]
[BlackElo "2000"]
[Annotator "Donaldson"]
[PlyCount "98"]
[EventDate "2014.??.??"]

1. d4 Nf6 2. c4 g6 3. Nc3 d5 4. Nf3 Bg7 5. Qb3 dxc4 6. Qxc4 O-O 7. e4 a6 8. e5
b5 9. Qb3 Nfd7 10. Be3 e6 11. Bg5 Qe8 12. Qa3 b4 13. Qxb4 f6 14. exf6 Nxf6 15.
Bc4 Nc6 16. Qa3 Nd5 17. Be3 Ndb4 18. O-O-O Rf5 19. b3 Rb8 20. Qb2 Na5 21. Bd3
Nxd3+ 22. Rxd3 Nc4 23. Qe2 Nd6 24. Re1 Nb5 25. Nxb5 Rfxb5 26. Rc3 Qe7 27. Qc2
Qa3+ 28. Qb2 Qa5 29. Re2 Bf8 30. Qc2 R5b7 31. Bf4 Qa3+ 32. Kd1 Bd6 33. Bxd6
Qxd6 34. Rc6 Qd8 35. Qc3 Bd7 36. Rc5 Rc8 37. Rc2 Be8 38. Qc4 Qd6 39. g3 Bb5 40.
Qc3 Be8 41. Re2 Bd7 42. Rce5 Rb5 43. Qc4 c5 44. Qd3 cxd4 45. Qxd4 Qc6 46. Qd2
Qxf3 47. Qxd7 Rbb8 48. Qxe6+ Kh8 49. Rd5 $4 (49. R5e3 {
was winning. This was a tough way to lose.}) 49... Re8 0-1

[Event "Mechanics' Spring TNM; 30/90, SD/30"]
[Site "San Francisco"]
[Date "2014.04.22"]
[Round "6.19"]
[White "Vazquez, Erasmo"]
[Black "Hood, Bryan"]
[Result "1-0"]
[WhiteElo "1683"]
[BlackElo "1095"]
[PlyCount "65"]
[EventDate "2014.??.??"]

1. d4 d5 2. c4 e6 3. Nc3 Bb4 4. cxd5 exd5 5. Nf3 Bg4 6. Qa4+ Nc6 7. Ne5 Bxc3+
8. bxc3 Bd7 9. Nxd7 Qxd7 10. Rb1 b6 11. e3 Nge7 12. Ba3 f6 13. Bb5 Kf7 14. Bxe7
Qf5 15. O-O Nxe7 16. c4 Rhd8 17. cxd5 Nxd5 18. Bc6 Kg6 19. Bxa8 Nc3 20. e4 Qg5
21. Qc6 Nxb1 22. Rxb1 Rxd4 23. Qxc7 Kh6 24. Qc1 Qxc1+ 25. Rxc1 b5 26. f3 b4 27.
Bd5 a5 28. Kf2 Rd2+ 29. Kf1 a4 30. Rb1 Rxa2 31. Bxa2 b3 32. Bxb3 axb3 33. Rxb3
1-0

[Event "Mechanics' Fall TNM; 30/90, SD/30"]
[Site "San Francisco"]
[Date "2014.11.18"]
[Round "4.33"]
[White "Vazquez, Erasmo"]
[Black "Hood, Bryan"]
[Result "0-1"]
[WhiteElo "1619"]
[BlackElo "1352"]
[PlyCount "122"]
[EventDate "2014.??.??"]

1. d4 Nf6 2. c4 d5 3. cxd5 Nxd5 4. e4 Nb6 5. Nc3 e6 6. Nf3 Bb4 7. a3 Be7 8. Be3
f5 9. Bd3 fxe4 10. Bxe4 Nd5 11. Qd3 Nf6 12. O-O O-O 13. Rad1 Nxe4 14. Qxe4 Nc6
15. d5 exd5 16. Nxd5 Bd6 17. Ng5 Bf5 18. Qc4 Kh8 19. Nf4 Qxg5 20. Nd5 Qg6 21.
Nf4 Bxf4 22. Bxf4 Bh3 23. Bg3 Be6 24. Qb5 Rad8 25. Rxd8 Nxd8 26. Bxc7 Qc2 27.
Qe5 Qf5 28. Qd6 Nc6 29. f3 Qf6 30. Kh1 Bc4 31. Re1 Qxd6 32. Bxd6 Rd8 33. Bf4
Be2 34. Kg1 Rd1 35. Kf2 Rxe1 36. Kxe1 Bb5 37. Be3 a5 38. Bd2 a4 39. Kf2 Ne5 40.
Bc3 Nc4 41. g3 Kg8 42. h4 h5 43. g4 g6 44. gxh5 gxh5 45. Kg3 Kf7 46. Kf4 Kg6
47. Bd4 Bc6 48. Bc3 b5 49. Kg3 Ne3 50. Kf4 Nf5 51. Be1 Nd4 52. Bf2 Nxf3 53. Bg3
Nd2 54. Be1 Nc4 55. Bc3 Bd7 56. Bd4 Bg4 57. Bc3 Kf7 58. Bd4 Ke6 59. Bc3 Kd5 60.
Bf6 Nd2 61. Ke3 Nf3 {My opponent stopped recording moves after this point, so
I stopped too. We were both down to about 5 mins on the clock. White resigned
when black's bishop protected the remaining b pawn and the knight and king
were attacking the h pawn.} 0-1

[Event "Mechanics' Whitehead TNM; 30/90, SD/30"]
[Site "San Francisco"]
[Date "2014.08.12"]
[Round "2.16"]
[White "Vazquez, Erasmo"]
[Black "Klinetobe, David"]
[Result "0-1"]
[WhiteElo "1633"]
[BlackElo "2017"]
[PlyCount "72"]
[EventDate "2014.??.??"]

1. d4 Nf6 2. c4 e6 3. Nc3 Bb4 4. f3 O-O 5. a3 Bxc3+ 6. bxc3 Ne8 7. e4 b6 8. Bd3
Ba6 9. Nh3 Nc6 10. O-O Na5 11. Qe2 c5 12. e5 d5 13. cxd5 Bxd3 14. Qxd3 Qxd5 15.
Ng5 g6 16. Qe4 Nb3 17. Qxd5 exd5 18. Rb1 Nxc1 19. Rbxc1 h6 20. Nh3 Nc7 21. Nf2
cxd4 22. cxd4 Nb5 23. a4 Nxd4 24. Rcd1 Ne2+ 25. Kh1 Rfd8 26. Rd2 Nf4 27. g3 Ne6
28. Rfd1 d4 29. Ne4 Rac8 30. Nd6 Rc3 31. Rd3 Rd7 32. Rxc3 dxc3 33. Rc1 Rc7 34.
Nb5 Rc4 35. Nxc3 Nc5 36. Kg2 Nd3 0-1

[Event "Mechanics' Winter TNM; 30/90, SD/30"]
[Site "San Francisco"]
[Date "2014.01.28"]
[Round "4.11"]
[White "Vazquez, Erasmo"]
[Black "Lacounte, Brendan"]
[Result "0-1"]
[WhiteElo "1683"]
[BlackElo "1969"]
[PlyCount "100"]
[EventDate "2014.??.??"]

1. d4 d5 2. c4 dxc4 3. Nf3 Nf6 4. e3 Bg4 5. Bxc4 e6 6. Nc3 Nbd7 7. O-O Be7 8.
a3 Nb6 9. Bb5+ c6 10. Be2 O-O 11. b4 Nbd5 12. Bb2 a5 13. Qb3 axb4 14. axb4 Nxc3
15. Bxc3 Ne4 16. Rxa8 Qxa8 17. Ra1 Qd8 18. Be1 Qb6 19. h3 Bh5 20. g4 Bg6 21.
Ne5 Qc7 22. Bd3 Nf6 23. Nxg6 hxg6 24. f4 Nd5 25. Bc4 Qd6 26. Bxd5 exd5 27. Ra7
Qb8 28. Qa4 g5 29. Bg3 Bxb4 30. Kf2 Bd6 31. Kf3 gxf4 32. Bxf4 Bxf4 33. exf4 Qe8
34. Qc2 Qe7 35. Qe2 Qxe2+ 36. Kxe2 Re8+ 37. Kd3 Re7 38. f5 f6 39. Kd2 Kh7 40.
Kd3 Kh6 41. h4 Re4 42. Rxb7 Rxg4 43. Rc7 Rxh4 44. Rxc6 Rf4 45. Rc8 Rxf5 46.
Rh8+ Kg5 47. Ke3 Kg4 48. Rh1 g5 49. Rg1+ Kh3 50. Ke2 g4 0-1

[Event "Mechanics' SummerTNM; 30/90, SD/30"]
[Site "San Francisco"]
[Date "2014.07.15"]
[Round "8.24"]
[White "Vazquez, Erasmo"]
[Black "Morgan, Jerry"]
[Result "1-0"]
[WhiteElo "1639"]
[BlackElo "1598"]
[Annotator "Donaldson"]
[PlyCount "77"]
[EventDate "2014.??.??"]

1. d4 f5 2. Nc3 Nf6 3. Bg5 Ne4 4. Nxe4 fxe4 5. c4 d6 6. e3 c6 {
Hoping for ... Qa5+.} 7. b4 g6 8. f3 exf3 9. Nxf3 Bg4 10. Bd3 Na6 11. Rb1 Qd7
12. O-O Bg7 13. h3 Bf5 14. e4 Bxh3 15. gxh3 Qxh3 16. Qd2 h6 17. Bf4 Qg4+ 18.
Kf2 g5 19. Rg1 Qxf4 20. Qxf4 Bxd4+ 21. Nxd4 gxf4 22. Ne6 Kd7 23. Nxf4 Raf8 24.
Ke3 Rhg8 25. a3 Rg5 26. Rxg5 hxg5 27. Ng2 g4 28. Rf1 Rxf1 29. Bxf1 Ke6 30. Kf4
c5 31. b5 Nc7 32. Be2 Kf7 33. Bxg4 Ne6+ 34. Bxe6+ Kxe6 35. Ne3 Kf7 36. e5 Ke6
37. exd6 exd6 38. Ke4 b6 39. Ng4 1-0

[Event "Mechanics' Whitehead TNM; 30/90, SD/30"]
[Site "San Francisco"]
[Date "2014.08.19"]
[Round "3.30"]
[White "Vazquez, Erasmo"]
[Black "Paquette, James"]
[Result "0-1"]
[WhiteElo "1633"]
[BlackElo "1320"]
[PlyCount "62"]
[EventDate "2014.??.??"]

1. d4 g6 2. c4 Bg7 3. Nc3 c5 4. d5 Bxc3+ 5. bxc3 Qa5 6. Qc2 Nf6 7. Bd2 d6 8. e4
O-O 9. Be2 Nbd7 10. f4 Re8 11. Nf3 Nb6 12. O-O e6 13. e5 exd5 14. cxd5 Nfxd5
15. c4 Nb4 16. Qb2 Na4 17. Qb3 Qa6 18. Bxb4 cxb4 19. Qxb4 Qb6+ 20. Qxb6 Nxb6
21. Rfd1 dxe5 22. c5 Nd7 23. Bb5 Re7 24. Nxe5 Nxe5 25. Rd8+ Kg7 26. fxe5 Rxe5
27. Bd7 Rxc5 28. Re1 b6 29. Ree8 Bxd7 30. Rxa8 Bxe8 31. Rxe8 Rc2 0-1

[Event "Mechanics' Whitehead TNM; 30/90, SD/30"]
[Site "San Francisco"]
[Date "2014.09.02"]
[Round "5.26"]
[White "Vazquez, Erasmo"]
[Black "Poblete, Tyrone"]
[Result "1-0"]
[WhiteElo "1633"]
[BlackElo "1209"]
[PlyCount "45"]
[EventDate "2014.??.??"]

1. d4 d5 2. c4 e6 3. Nc3 c6 4. e4 dxc4 5. Bxc4 b5 6. Bb3 a5 7. Nf3 a4 8. Bc2
Be7 9. Bf4 Nd7 10. O-O Ngf6 11. Re1 Nh5 12. Be3 Ndf6 13. Ne5 g6 14. Nxc6 Qc7
15. Nxe7 Qxe7 16. Nxb5 O-O 17. Bg5 Kg7 18. e5 Bb7 19. exf6+ Nxf6 20. Qd2 Bxg2
21. Qf4 Kg8 22. Bxf6 Qxf6 23. Qxf6 1-0

[Event "Mechanics' SummerTNM; 30/90, SD/30"]
[Site "San Francisco"]
[Date "2014.06.17"]
[Round "4.19"]
[White "Vazquez, Erasmo"]
[Black "Shnaiderman, Lazar"]
[Result "0-1"]
[WhiteElo "1639"]
[BlackElo "1870"]
[PlyCount "120"]
[EventDate "2014.??.??"]

1. d4 Nf6 2. c4 e6 3. Nc3 Bb4 4. f3 d5 5. a3 Be7 6. e4 dxe4 7. fxe4 e5 8. Nf3
exd4 9. Qxd4 O-O 10. Bf4 Qxd4 11. Nxd4 c6 12. Be2 Rd8 13. O-O-O Nbd7 14. Bc7
Rf8 15. Nf5 Bc5 16. b4 Bb6 17. Bd6 Re8 18. Ne7+ Kh8 19. g4 Bd8 20. Nxc8 Rxc8
21. Bf3 Nf8 22. Bxf8 Rxf8 23. e5 Ne8 24. Rhe1 Bg5+ 25. Kc2 Kg8 26. Rd7 Nc7 27.
Ne4 Bh4 28. Red1 Rfd8 29. g5 Rxd7 30. Rxd7 Ne6 31. Nd6 Rd8 32. Rxb7 Nd4+ 33.
Kc3 Nxf3 34. Nxf7 Rf8 35. e6 Nxg5 36. Nxg5 Bxg5 37. Rxa7 Re8 38. b5 cxb5 39.
cxb5 Rxe6 40. Kc4 Be3 41. Rd7 g5 42. Kd5 Rf6 43. a4 Bb6 44. Ke5 Rf4 45. Rb7 Ba5
46. Ra7 Rxa4 47. Kd5 Ra1 48. b6 Rd1+ 49. Kc6 Rc1+ 50. Kb5 Bxb6 51. Kxb6 Rc2 52.
h3 Rc3 53. h4 g4 54. Ra5 Rg3 55. Kc6 Rg1 56. Rg5+ Kf7 57. Kd6 g3 58. Rf5+ Kg6
59. Rg5+ Kf6 60. Kc6 g2 0-1

[Event "Mechanics' Winter TNM; 30/90, SD/30"]
[Site "San Francisco"]
[Date "2014.02.11"]
[Round "6.27"]
[White "Vazquez, Erasmo"]
[Black "Toziopolous, Stephen"]
[Result "1-0"]
[WhiteElo "1683"]
[BlackElo "1298"]
[PlyCount "51"]
[EventDate "2014.??.??"]

1. d4 Nf6 2. c4 e6 3. Nc3 Bb4 4. f3 O-O 5. e4 h6 6. Be3 d6 7. Qc2 Nbd7 8. O-O-O
Qe7 9. Bd3 Bxc3 10. Qxc3 e5 11. Ne2 b6 12. g4 Nh7 13. h4 c5 14. d5 f6 15. Ng3
Rf7 16. Nf5 Qf8 17. Qd2 Nb8 18. Rdg1 Bxf5 19. exf5 Nd7 20. g5 fxg5 21. hxg5
hxg5 22. Qh2 Ndf6 23. Bxg5 Kh8 24. Rg3 Rd8 25. Rh3 Rdd7 26. Rxh7+ 1-0

[Event "Mechanics' Winter TNM; 30/90, SD/30"]
[Site "San Francisco"]
[Date "2014.02.25"]
[Round "8.14"]
[White "Vichik, Adam"]
[Black "Bekhtur, Bayaraa"]
[Result "0-1"]
[WhiteElo "1361"]
[BlackElo "1818"]
[Annotator "Donaldson"]
[PlyCount "124"]
[EventDate "2014.??.??"]

1. e4 e5 2. Nf3 d6 3. d4 exd4 4. Nxd4 Nf6 5. Nc3 Be7 6. Be2 O-O 7. O-O b6 8.
Bg5 Bb7 9. Nf5 Nbd7 10. Bd3 Nc5 11. Qe2 Ne6 12. Bh4 Re8 13. Rae1 Bf8 14. Qd2 h6
15. Kh1 (15. f4 $1 $18) 15... Kh7 16. e5 dxe5 17. Nd6+ (17. Nxh6+ $1 g6 18.
Nxf7) 17... Kg8 18. Nxe8 Qxe8 19. Bxf6 (19. f4 $1) 19... gxf6 20. f4 $1 Bg7 21.
fxe5 fxe5 22. Be4 Rd8 23. Qf2 Ba6 24. Rg1 Ng5 25. Rd1 Rd4 26. Bd3 $2 (26. Rge1)
26... Bb7 27. Ne2 Rb4 28. b3 {Diagram #} (28. Rge1 Rxb2 29. Ng3) 28... Nh3 29.
Qe1 Rg4 30. Bf5 $1 Nxg1 31. Bxg4 Nxe2 32. Qxe2 e4 33. Rd7 Qe5 34. Rd8+ (34. Qc4
) 34... Bf8 35. Qd1 Qg5 36. Rb8 Ba6 37. h3 (37. c4) 37... f5 38. Be2 (38. Qd5+)
38... Bxe2 39. Qxe2 Qc1+ 40. Kh2 Kg7 41. Re8 Bd6+ 42. g3 Bc5 43. Qg2 Kf6 44. c4
Bd6 45. Rh8 Ke5 46. Re8+ Kd4 47. Rg8 Ke3 48. Re8 Qd2 49. Kg1 Qe1+ 50. Kh2 Qf2
51. Re6 Bxg3+ 52. Kh1 h5 53. Rf6 Qe1+ 54. Qg1+ Qxg1+ 55. Kxg1 f4 56. Kf1 h4 57.
Rf7 f3 58. Rd7 Bd6 59. Rh7 Kd3 60. Rf7 Kd2 61. Rf5 e3 62. Rd5+ Kc2 0-1

[Event "Mechanics' Spring TNM; 30/90, SD/30"]
[Site "San Francisco"]
[Date "2014.04.15"]
[Round "5.19"]
[White "Vichik, Adam"]
[Black "Chalissey, Jossy"]
[Result "0-1"]
[WhiteElo "1482"]
[BlackElo "1723"]
[Annotator "Donaldson"]
[PlyCount "42"]
[EventDate "2014.??.??"]

1. e4 c5 2. d4 cxd4 3. c3 dxc3 4. Nxc3 Nc6 5. Nf3 e6 6. Bc4 a6 7. O-O Nge7 8.
e5 (8. Bg5 $1 f6 9. Be3) 8... Ng6 9. Re1 Be7 10. b3 b5 11. Bd3 Bb7 12. Bb2 Nb4
13. Be4 Bxe4 14. Nxe4 Nd5 15. Rc1 O-O 16. Qd4 Qb6 17. Qxb6 Nxb6 18. Rc7 Nf4 19.
Rd1 Nfd5 20. Bd4 Nxc7 21. Bxb6 Nd5 0-1

[Event "Mechanics' Winter TNM; 30/90, SD/30"]
[Site "San Francisco"]
[Date "2014.02.11"]
[Round "6.17"]
[White "Vichik, Adam"]
[Black "Delaney, Willl"]
[Result "1-0"]
[WhiteElo "1361"]
[BlackElo "1800"]
[Annotator "Donaldson"]
[PlyCount "29"]
[EventDate "2014.??.??"]

1. e4 c5 2. d4 cxd4 3. c3 d3 4. Bxd3 Nc6 5. Nf3 d6 6. Bf4 Nf6 7. O-O g6 8. Qd2
(8. c4 Bg7 9. Nc3) 8... h6 (8... Bg7 9. Bh6 O-O 10. Bxg7 Kxg7 11. Na3) 9. Re1
Bg7 10. Na3 Nd7 (10... Kf8 11. Rad1 Kg8 12. Nc4 Kh7 13. e5) 11. Bb5 (11. Nc4
Nde5 (11... b5 12. Ne3 Rb8 13. Nd5 a6 (13... e6 14. Ne3) 14. a4) 12. Nfxe5 Nxe5
13. Nxe5) 11... Qa5 (11... g5 12. Be3 O-O 13. h4 g4 14. Bxh6 gxf3 (14... Bxh6
15. Qxh6 gxf3 16. gxf3) 15. Qg5) 12. Rad1 a6 13. Bxc6 bxc6 14. e5 d5 {Diagram #
} 15. e6 $1 {This might look premature but after 15...fxe6 16.Rxe6 Black's
position is miserable.} 1-0

[Event "Mechanics' Spring TNM; 30/90, SD/30"]
[Site "San Francisco"]
[Date "2014.03.18"]
[Round "1.7"]
[White "Vichik, Adam"]
[Black "Gaffagan, Steven"]
[Result "1/2-1/2"]
[WhiteElo "1482"]
[BlackElo "2089"]
[PlyCount "73"]
[EventDate "2014.??.??"]

1. e4 c5 2. d4 cxd4 3. c3 Nf6 4. e5 Nd5 5. cxd4 e6 6. Nf3 d6 7. Bc4 Nc6 8. O-O
Be7 9. Bd2 O-O 10. Nc3 dxe5 11. dxe5 Nxc3 12. Bxc3 b6 13. Qe2 Bb7 14. Rad1 Qc7
15. a3 Rad8 16. Rfe1 Rxd1 17. Rxd1 Rd8 18. Rxd8+ Qxd8 19. Qd2 Qxd2 20. Nxd2 Bc5
21. Kf1 Bd4 22. f4 Bxc3 23. bxc3 Na5 24. Ke2 Kf8 25. g4 h6 26. Ke3 Ke7 27. Kd4
Nc6+ 28. Ke3 Na5 29. Kd4 Nc6+ 30. Ke3 Nb8 31. Ne4 Bxe4 32. Kxe4 Nd7 33. f5 Nc5+
34. Kd4 Na4 35. Bb3 Nc5 36. Bc4 Na4 37. Bb3 1/2-1/2

[Event "Mechanics' Spring TNM; 30/90, SD/30"]
[Site "San Francisco"]
[Date "2014.04.29"]
[Round "7.31"]
[White "Vichik, Adam"]
[Black "Schlosberg, Max"]
[Result "1-0"]
[WhiteElo "1482"]
[BlackElo "1180"]
[PlyCount "55"]
[EventDate "2014.??.??"]

1. e4 e5 2. Nf3 Nc6 3. Bc4 Bc5 4. c3 Nf6 5. d4 exd4 6. cxd4 Bb4+ 7. Bd2 Nxe4 8.
Bxb4 Nxb4 9. Qb3 (9. Bxf7+ Kxf7 10. Qb3+ d5 11. Ne5+ Ke6 12. Qxb4 Qf8 {
(instead of the older 12...c5) is equal.}) 9... d5 10. Qxb4 dxc4 11. O-O Be6 (
11... Qd6 12. Qxc4 O-O {is normally seen. The text may be a novelty.}) 12. Re1
(12. Qxb7 Bd5) 12... Nf6 (12... Qd5 $5 13. Nc3 Nxc3 14. bxc3 O-O-O) 13. Nc3 a5
14. Qb5+ (14. Qc5 Qd6 $4 15. Qxd6 cxd6 16. d5) 14... c6 (14... Qd7 {was better.
}) 15. Qxb7 O-O 16. Qxc6 Bd7 $2 (16... Rc8 17. Qa4 Qb6) 17. Qd6 Re8 18. h3 Rc8
19. d5 Rxe1+ 20. Rxe1 Ne8 21. Qg3 Bf5 22. Nd4 Bg6 23. Nc6 Qd7 24. Ne7+ Kh8 25.
Nxc8 Qxc8 26. Qg4 Qc5 27. Rxe8+ Qf8 28. Rxf8# 1-0

[Event "Mechanics' Winter TNM; 30/90, SD/30"]
[Site "San Francisco"]
[Date "2014.02.04"]
[Round "5.23"]
[White "Vichik, Adam"]
[Black "Vazquez, Erasmo"]
[Result "1-0"]
[WhiteElo "1361"]
[BlackElo "1683"]
[PlyCount "33"]
[EventDate "2014.??.??"]

1. e4 c6 2. d4 d5 3. e5 Bf5 4. Nf3 e6 5. Be2 Nd7 6. O-O c5 7. Be3 cxd4 8. Nxd4
Bg6 9. c4 Nxe5 10. cxd5 Qxd5 11. Qa4+ Nd7 12. Bf3 Be4 13. Nc3 Bxf3 14. Nxd5
Bxd5 15. Rac1 Bd6 16. Nb5 Bb8 17. Rc8+ 1-0

[Event "Mechanics' Whitehead TNM; 30/90, SD/30"]
[Site "San Francisco"]
[Date "2014.09.09"]
[Round "6.6"]
[White "Vickers, Keith"]
[Black "Anderson, Michael"]
[Result "1-0"]
[WhiteElo "2200"]
[BlackElo "2006"]
[Annotator "Donaldson"]
[PlyCount "54"]
[EventDate "2014.??.??"]

1. d4 f5 2. Nc3 Nf6 3. Bg5 d5 4. Bxf6 exf6 5. e3 c6 6. Bd3 Be6 7. Qf3 g6 8.
Nge2 Bd6 9. h4 h5 10. Nf4 Bf7 11. O-O-O Nd7 12. g3 Qa5 13. Kb1 O-O-O 14. Qe2
Rde8 15. Qd2 Kb8 16. a3 b5 17. Na2 Qb6 18. b4 Kc7 19. Nc1 Qa6 20. Kb2 Nb6 21.
Nb3 Nc4+ 22. Bxc4 bxc4 23. Nc5 Bxc5 24. dxc5 Rb8 $2 (24... Re5 {
would have kept White's advantage to a minimum.}) 25. Qd4 $1 c3+ {Desperation.}
26. Qxc3 Rxb4+ 27. axb4 d4 {After 28. Rxd4 or 28.Qxd4 White is easily winning.}
1-0

[Event "Mechanics' Fall TNM; 30/90, SD/30"]
[Site "San Francisco"]
[Date "2014.11.25"]
[Round "5.8"]
[White "Vickers, Keith"]
[Black "Anderson, Michael Gene"]
[Result "1-0"]
[WhiteElo "2200"]
[BlackElo "1992"]
[PlyCount "59"]
[EventDate "2014.??.??"]

1. d4 f5 2. Nf3 g6 3. Bf4 Nf6 4. e3 Bg7 5. h3 O-O 6. Nbd2 c6 7. c3 a5 8. a4 Na6
9. Bd3 Nc7 10. Qb3+ Kh8 11. g4 Ncd5 12. Bg3 e6 13. Bd6 Re8 14. e4 fxe4 15. Nxe4
Nxe4 16. Bxe4 Bf8 17. Be5+ Bg7 18. Bxd5 exd5 19. O-O-O d6 20. Bxg7+ Kxg7 21.
Rde1 Rxe1+ 22. Rxe1 Qf6 23. Re3 Ra6 24. Qd1 b6 25. Qe2 Ra7 26. Re8 Ba6 27. Qe3
Rf7 28. Ng5 Rd7 29. Ne6+ Kf7 30. Rf8+ 1-0

[Event "Mechanics' Fall TNM; 30/90, SD/30"]
[Site "San Francisco"]
[Date "2014.10.28"]
[Round "2.5"]
[White "Vickers, Keith"]
[Black "Andries, Craig"]
[Result "1-0"]
[WhiteElo "2200"]
[BlackElo "1947"]
[Annotator "Donaldson"]
[PlyCount "97"]
[EventDate "2014.??.??"]

1. c3 d5 2. Nf3 e6 3. d3 f5 4. Nbd2 Nf6 5. Qc2 Bc5 6. b4 Bb6 7. c4 c6 8. Bb2
O-O 9. e4 a5 10. c5 Bc7 11. e5 Ng4 12. h3 Nh6 13. a3 axb4 14. axb4 Rxa1+ 15.
Bxa1 Nf7 16. d4 Qe8 17. Bd3 Bd8 18. Bc3 Kh8 19. Qa4 Bc7 20. Nb3 Qd8 21. Qa7 Qd7
22. Na5 Nd8 23. Ke2 Na6 24. Rb1 Bxa5 25. bxa5 Nc7 26. Rb6 h6 27. Ne1 Rf7 28.
Nc2 g6 29. Nb4 g5 {Diagram #} 30. a6 $1 {Thematic!} bxa6 31. Nxa6 Nb5 ({
The ending that arises after} 31... Bxa6 32. Bxa6 Nb5 33. Qxd7 Nxc3+ 34. Kd3
Rxd7 35. Kxc3 {also favors White. Black 's position is too passive.}) 32. Qxd7
Nxc3+ 33. Kd2 Rxd7 34. Kxc3 Rb7 35. Rxb7 Bxb7 36. Kb4 Kg8 37. Ka5 Kf8 38. Kb6
Ke7 39. Kc7 h5 40. Nb8 h4 41. Bc2 g4 42. Ba4 f4 43. f3 gxh3 44. gxh3 Ba8 45.
Bxc6 Nf7 46. Bxa8 Ng5 47. Kb7 Nxf3 48. c6 Nxd4 49. c7 {
A smooth and instructive win by the veteran San Francisco master.} 1-0

[Event "Mechanics' Whitehead TNM; 30/90, SD/30"]
[Site "San Francisco"]
[Date "2014.08.12"]
[Round "2.2"]
[White "Vickers, Keith"]
[Black "Askin, Michael"]
[Result "1-0"]
[WhiteElo "2200"]
[BlackElo "1913"]
[PlyCount "115"]
[EventDate "2014.??.??"]

1. d4 d5 2. Bf4 Nf6 3. e3 c5 4. c3 Nc6 5. Nd2 Bf5 6. Ngf3 e6 7. Be2 h6 8. Ne5
Qb6 9. Qb3 c4 10. Qxb6 axb6 11. Nxc6 bxc6 12. O-O Be7 13. f3 b5 14. a3 O-O 15.
g4 Bh7 16. Rfe1 c5 17. dxc5 Bxc5 18. Bf1 Nd7 19. Bg3 Nb6 20. b4 Be7 21. e4 dxe4
22. Nxe4 Bxe4 23. fxe4 Na4 24. Rac1 Rfd8 25. Rc2 Rd7 26. Bf2 Bf6 27. e5 Bg5 28.
Bd4 Bd8 29. Bg2 Rc8 30. Ree2 Bb6 31. Bxb6 Nxb6 32. Kf2 Ra7 33. Ra2 Nd5 34. Bxd5
exd5 35. Ke3 Kf8 36. Kd4 Ke7 37. Kxd5 Rd7+ 38. Ke4 Rd3 39. Re3 Rcd8 40. a4
Rxe3+ 41. Kxe3 bxa4 42. Rxa4 Rd3+ 43. Ke4 Rxc3 44. Kd4 Rc1 45. b5 c3 46. Rc4 c2
47. Kc5 Kd7 48. Kb6 Kd8 49. Rc7 g6 50. h4 Ke8 51. Rc5 Kd8 52. Kc6 Kc8 53. b6
Re1 54. Rxc2 Rxe5 55. Rf2 Re6+ 56. Kb5 f6 57. Ka6 Re8 58. Rxf6 {...and...} 1-0

[Event "Mechanics' Fall TNM; 30/90, SD/30"]
[Site "San Francisco"]
[Date "2014.11.18"]
[Round "4.9"]
[White "Vickers, Keith"]
[Black "Bayaraa, Chinguun"]
[Result "1-0"]
[WhiteElo "2200"]
[BlackElo "1868"]
[PlyCount "97"]
[EventDate "2014.??.??"]

1. d4 d5 2. e3 e6 3. Nd2 Nf6 4. Bd3 Be7 5. f4 c5 6. c3 Nc6 7. Nh3 Bd7 8. Qf3
Qc7 9. Nf2 O-O-O 10. O-O Rdg8 11. dxc5 Bxc5 12. Nb3 Bd6 13. Nd4 a6 14. e4 dxe4
15. Nxe4 Nxe4 16. Bxe4 Rf8 17. Be3 Ne7 18. c4 f5 19. Bd3 Nc6 20. Rac1 Rhg8 21.
Nb5 axb5 22. cxb5 Kb8 23. Qf2 Qa5 24. bxc6 Bxc6 25. Bb6 Qd5 26. Rfd1 g5 27. Bf1
Qe4 28. Rd4 Bxf4 29. Rxe4 fxe4 30. Qd4 Bxc1 31. Qd6+ Ka8 32. Bc4 Bd5 33. Qa3+
Kb8 34. Qa7+ Kc8 35. Bxd5 exd5 36. Qa8+ Kd7 37. Qxb7+ Ke6 38. Qc6+ Ke5 39. Bc7+
Kf5 40. Qxd5+ Kg6 41. Qc6+ Rf6 42. Qxc1 Rc8 43. Qc4 Kh6 44. Qc5 e3 45. Qe5 Rc6
46. Qxe3 R8xc7 47. h3 Rc2 48. Qe6+ Kg7 49. b4 1-0

[Event "Mechanics' Whitehead TNM; 30/90, SD/30"]
[Site "San Francisco"]
[Date "2014.08.26"]
[Round "4.7"]
[White "Vickers, Keith"]
[Black "Chen, Mingson"]
[Result "1-0"]
[WhiteElo "2200"]
[BlackElo "1900"]
[PlyCount "121"]
[EventDate "2014.??.??"]

1. d4 g6 2. Nf3 Bg7 3. Nc3 d6 4. e4 Nf6 5. Be3 Nc6 6. Qd2 e5 $2 7. dxe5 dxe5 8.
Qxd8+ Nxd8 9. Nb5 $1 Ne6 10. Ng5 $1 O-O 11. Nxe6 Bxe6 12. Nxc7 Rac8 13. Nxe6
fxe6 14. Bd3 $16 b6 15. h3 Nh5 16. g3 Rfd8 17. O-O-O Bf8 18. Ba6 Rxd1+ 19. Rxd1
Rc7 20. Rd8 Kf7 21. Rb8 Nf6 22. Rb7 Bd6 23. Rxc7+ Bxc7 24. Bd3 Bd6 25. c3 Nd7
26. b4 a5 27. a3 axb4 28. cxb4 Bc7 29. Bb5 Nf6 30. Bc6 Ng8 31. Kc2 Ne7 32. Bd7
Ng8 33. g4 Ke7 34. Ba4 Kd6 35. Kd3 Ne7 36. Kc4 Nc6 37. Bxc6 Kxc6 38. a4 Bd8 39.
f3 g5 40. b5+ Kb7 41. a5 bxa5 42. Bc5 Bb6 43. Be7 Be3 44. Kb3 Kb6 45. Ka4 Bd2
46. Bd8+ Kb7 47. Bxa5 Be3 48. Bc3 Bf4 49. Ka5 h6 50. Bb4 Be3 51. Bf8 Bd2+ 52.
Ka4 Kb6 53. Bxh6 Bf4 54. Bf8 Bd2 55. Bd6 Bf4 56. Kb4 Bd2+ 57. Kc4 Bf4 58. Be7
Be3 59. h4 gxh4 60. Bxh4 Bc5 61. Bd8+ 1-0

[Event "Mechanics' Fall TNM; 30/90, SD/30"]
[Site "San Francisco"]
[Date "2014.12.16"]
[Round "8.6"]
[White "Vickers, Keith"]
[Black "Lkhagvasuren, Zolboo"]
[Result "1-0"]
[WhiteElo "2200"]
[BlackElo "1854"]
[Annotator "Donaldson"]
[PlyCount "107"]
[EventDate "2014.??.??"]

1. d4 Nf6 2. Nf3 e6 3. e3 d5 4. Bd3 c5 5. b3 Nc6 6. Bb2 Bd6 7. O-O cxd4 8. exd4
O-O 9. Ne5 Qc7 10. Nxc6 Bxh2+ 11. Kh1 bxc6 12. g3 Bxg3 13. fxg3 Qxg3 14. Qf3
Qxf3+ 15. Rxf3 Ng4 16. Nd2 f5 17. Kg2 g5 18. Rh1 Nf6 19. Rfh3 h5 20. Kf1 g4 21.
Rh4 Kg7 22. Ba3 Rh8 23. Bd6 Bd7 24. Be5 Be8 25. Ke1 Bg6 26. Nf1 Rh7 27. Ng3
Rah8 28. Ne2 Kf7 29. Nf4 Rh6 30. Ba6 Ke7 31. Nxg6+ Rxg6 32. Bxf6+ Kxf6 33. Rxh5
Rxh5 34. Rxh5 e5 $2 (34... g3 35. Kf1 f4 36. Be2 (36. Kg2 $4 f3+) 36... g2+ 37.
Kg1 Rg3 {and Black has enough counterplay to hold the balance.}) 35. dxe5+ Kxe5
36. Bd3 Rf6 37. Kf2 Kf4 38. b4 $1 d4 39. a3 g3+ 40. Kg2 Kg4 41. Rh7 f4 42. Rg7+
Kh5 43. Kf3 Kh4 44. Rxa7 Rh6 45. Rg7 Kh3 46. Bf1+ Kh2 47. Rg4 Kg1 48. Rxf4 Kxf1
49. Kxg3+ Ke2 50. Rxd4 Re6 51. Kf4 Rf6+ 52. Ke5 Rf3 53. Rc4 Rxa3 54. Rxc6 1-0